Conan O'Brien Needs a Friend - Statistics

General Stats
  • This quiz has been taken 8 times
  • The average score is 5 of 15
Answer Stats
Hint Answer % Correct
WHO IS THE BIG HOST MAN? Conan O'Brien
100%
Which US President does COCO do an impression of motor boating? Richard Nixon
75%
WHO IS THE ARMENIAN GOAT? Sona Movsesian
63%
Which ex-SNL writer is close friends with New York financier Jeffrey Epstein ? Jim Downey
50%
Producer (fruit trees) Aaron Bleyaert
25%
Who is the sound engineer? Eduardo
25%
What was Conan's grandmother's nickname? Maudie
25%
What did child CONAN call his father? PATER
25%
Producer (robot) Adam Sachs
13%
What was Kevin Nealon's book called? I exaggerate my brushes with fame.
13%
THE NAME'S ____ , _____ ______ (007) Matt Gourley
13%
What did Kevin Nealon describe Conan as? Mediocre
13%
Following Conan's Hot One's appearance- what job did he join the union for? Welder's
13%
Which two actors did Bill Hader do an impression of having sex? Burt Lancaster, Kirk Douglas
0%
Flula Borg was not naked when he boarded an American Airlines flight, because he was wearing what? Flip flops
0%
No matching quizzes found
Score Distribution
Percent of People with Each Score
Percentile by Number Answered
Your Score History
You have not taken this quiz